000 00463nam a22001697a 4500
005 20230711095528.0
040 _curs
050 _aG 155 L86 1997
100 _95419
_aLumsdon, Les
_eauthor
245 _aTourism marketing
_cLes Lumsdon
260 _aLondon
_bInternational Thomson Business Press
_c1997
336 _2rdacontent
_atext
_btxt
337 _2rdamedia
_aunmediated
_bn
338 _2rdacarrier
_avolume
_bnc
650 0 _93470
_aTourism
942 _2lcc
_cFR
999 _c69577
_d69576